| 000 | 00449nam a2200157 4500 | ||
|---|---|---|---|
| 001 | 148781 | ||
| 003 | ES-MaACL | ||
| 005 | 20230906202814.0 | ||
| 007 | t| | ||
| 008 | 070214n19001990sp r ||||1| spa d | ||
| 100 | 1 |
_aSubías Galter, Juan ( _d1897-1984) _9108683 |
|
| 245 | 1 | 0 |
_aMuseo del Prado / _cJuan Subías Galter. |
| 260 |
_aBarcelona : _bPoligrafa, _c[19__?] |
||
| 300 |
_a155 p., 29 lám. ; _c23 cm. |
||
| 852 |
_aES-MaACL _jC-35530 _bR.67829 |
||
| 999 |
_c148781 _d148781 |
||